Healthy respect : ethics in health care /

Bibliographic Details
Main Author: Downie, R. S. (Robert Silcock)
Other Authors: Calman, Kenneth C. (Kenneth Charles)
Format: Book
Language:English
Published: London ; Boston : Faber, 1987.
Subjects:

MARC

Tag First Indicator Second Indicator Subfields
LEADER 00000cam a2200000 a 4500
001 in00004456421
005 20210818134935.0
008 870401s1987 enk b 00110 eng d
010 |a gb 86023251  
015 |a GB86-23251 
020 |a 0571145035 (pbk) :  |c £5.95 
035 |a (OCoLC)14168726 
035 |9 AAA9124MS 
035 |z (UtOrBLW)3616 
035 |a 5437 
040 |a UKM  |c UKM  |d TMV  |d UtOrBLW 
049 |a TMVM  |c 1 
050 1 0 |a R724 
059 |l MS/BOOK STKS  |v 3  |y 4  |t BOOK  |k CIRCULATING  |i 3238900288000  |n NL  |a W 50  |b D751h 1987 
060 4 |a W 50  |b D751h 1987 
100 1 |a Downie, R. S.  |q (Robert Silcock) 
245 1 0 |a Healthy respect :  |b ethics in health care /  |c R.S. Downie and K.C. Calman, with a contribution from Ruth A.K. Schröck ; foreword by Sir Malcolm MacNaughton. 
264 1 |a London ;  |a Boston :  |b Faber,  |c 1987. 
300 |a xiv, 266 pages ;  |c 20 cm. 
336 |a text  |2 rdacontent  |b txt 
337 |a unmediated  |2 rdamedia 
338 |a volume  |2 rdacarrier  |b nc 
500 |a Includes index. 
504 |a Bibliography: pages [257]-261. 
650 2 |a Ethics, Medical. 
700 1 |a Calman, Kenneth C.  |q (Kenneth Charles) 
940 |a copy plain 
999 |a MARS 
999 f f |s 1dbb82b1-edf4-3f70-ba91-1648afbb7146  |i 284566d3-9cce-376e-b742-72fdbc5df1b8  |t 0 
952 f f |p ric  |a Texas A&M University  |b Rellis Campus  |c Joint Library Facility  |d Remote Storage  |t 0  |e W 50 D751h 1987  |h National Library of Medicine classification  |i unmediated -- volume  |m 3238900288000 
998 f f |a W 50 D751h 1987  |t 0  |l Remote Storage